LEADER 01046nam0-22003251i-450- 001 990001642450403321 005 20080714111939.0 035 $a000164245 035 $aFED01000164245 035 $a(Aleph)000164245FED01 035 $a000164245 100 $a20030910d1913----km-y0itay50------ba 101 0 $afre 102 $aCA 105 $aa-------001yy 200 1 $aPlantes fourragères$eprairies et pâturages$fpar Geo. H. Clark et M. Oscar Malte$gavec gravures à l'acquarelle de Norman Criddle$gtraduit au Bureau de tradution du Ministère 210 $aOttawa$cMinistère fédéral de l'agriculture$d1913 215 $a160 p., 27 tav.$d26 cm 610 0 $aPiante foraggere 676 $a633.3 700 1$aClark,$bGeorge Harold$0430386 701 1$aMalte,$bMalte Oscar$0430387 712 02$aCanada.$bAgriculture Canada 801 0$aIT$bUNINA$gRICA$2UNIMARC 901 $aBK 912 $a990001642450403321 952 $a60 581.632 B 1$b9619$fFAGBC 959 $aFAGBC 996 $aPlantes fourragères$9368076 997 $aUNINA LEADER 00965nam a2200253 i 4500 001 991001237929707536 005 20020502185535.0 008 941223s1990 it ||| | ita 020 $a8878021474 035 $ab1148360x-39ule_inst 035 $aPRUMB57308$9ExL 040 $aDip. di SSSC - Sociologia$bita 100 1 $aRossati, Alberto$0147276 245 12$aL'io e il sè nel pensiero di Freud :$bun riesame dell'opera freudiana alla luce della dottrina di Brentano /$cAlberto Rossati 260 $aMilano :$bGuerini e Associati,$c1990 300 $a214 p. ;$c21 cm. 490 0 $aRicerche [Guerini e Associati] 650 4$aFilosofia 907 $a.b1148360x$b01-03-17$c01-07-02 912 $a991001237929707536 945 $aLE021 NBBISA26$g1$i2021000208034$lle021$o-$pE0.00$q-$rl$s- $t0$u1$v0$w1$x0$y.i11674726$z01-07-02 996 $aIo e il sé nel pensiero di Freud$9490693 997 $aUNISALENTO 998 $ale021$b01-01-94$cm$da $e-$fita$git $h2$i1 LEADER 01316nam a22003011i 4500 001 991000445059707536 005 20040116181908.0 008 040204s1989 gw |||||||||||||||||ger 035 $ab1261743x-39ule_inst 035 $aARCHE-062463$9ExL 040 $aDip. SSC$bita$cA.t.i. Arché s.c.r.l. Pandora Sicilia s.r.l. 082 04$a943 245 00$aTradition, Norm, Innovation :$bsoziales und literarisches Traditionsverhalten in der Frühzeit der deutschen Aufklärung /$cherausgegeben von Wilfried Barner unter Mitarbeit von Elisabeth Müller-Luckne 260 $aMunchen :$bOldenbourg,$c1989 300 $aXXIV, 370 p. ;$c24 cm 440 0$aSchriften des Historischen Kollegs.$pKolloquien ;$v15 650 4$aLetteratura tedesca$ySec. 18. 650 4$aIlluminismo (Letteratura)$zGermania 651 4$aGermania$xCiviltà 651 4$aGermania$xCultura 700 1 $aBarner, Wilfried$eauthor$4http://id.loc.gov/vocabulary/relators/aut$0165626 700 1 $aMüller-Luckner, Elisabeth 907 $a.b1261743x$b02-04-14$c12-02-04 912 $a991000445059707536 945 $aLE021 943TRA01.01$g1$iLE021-6400$lle021$o-$pE0.00$q-$rl$s- $t0$u0$v0$w0$x0$y.i13100282$z12-02-04 996 $aTradition, Norm, Innovation$91446681 997 $aUNISALENTO 998 $ale021$b12-02-04$cm$da $e-$fger$ggw $h0$i1